[Event "Athens Acropolis op"]
[Site "Athens"]
[Date "2005.03.14"]
[Round "9"]
[White "Papargiriou, Anastasios"]
[Black "Tziallilas, Kostas"]
[Result "1/2-1/2"]
[WhiteElo "2139"]
[BlackElo "2119"]
[PlyCount "55"]
[EventDate "2005.03.06"]
[EventType "swiss"]
[EventRounds "9"]
[EventCountry "GRE"]
[SourceTitle "CBM 105 Extra"]
[Source "ChessBase"]
[SourceDate "2005.05.01"]
[SourceVersion "1"]
[SourceVersionDate "2005.05.01"]
[SourceQuality "1"]

1. e4 c5 2. Nc3 Nc6 3. Bb5 Nd4 4. Bc4 g6 5. Nf3 Bg7 6. Nxd4 cxd4 7. Qf3 Nh6 8. d3 0-0 9. Ne2 Ng4 10. Bb3 d6 11. 0-0 a5 12. a4 Ne5 13. Qg3 Nd7 14. c3 Nc5 15. Bc2 dxc3 16. bxc3 f5 17. f3 fxe4 18. fxe4 Rxf1+ 19. Kxf1 e5 20. d4 Ne6 21. Be3 Bd7 22. Kg1 Rc8 23. Bb3 Kh8 24. Rb1 Qc7 25. Bd5 Rb8 26. Rf1 Rf8 27. Rb1 Rb8 28. Rf1 1/2-1/2

[Event "Athens Acropolis op"]
[Site "Athens"]
[Date "2005.03.06"]
[Round "1"]
[White "Tziallilas, Kostas"]
[Black "Markidis, Konstantinos"]
[Result "0-1"]
[WhiteElo "2119"]
[BlackElo "2318"]
[PlyCount "110"]
[EventDate "2005.03.06"]
[EventType "swiss"]
[EventRounds "9"]
[EventCountry "GRE"]
[SourceTitle "CBM 105 Extra"]
[Source "ChessBase"]
[SourceDate "2005.05.01"]
[SourceVersion "1"]
[SourceVersionDate "2005.05.01"]
[SourceQuality "1"]

1. e4 e5 2. Nf3 Nc6 3. Bb5 g6 4. 0-0 Bg7 5. c3 a6 6. Ba4 d6 7. h3 Nf6 8. Re1 b5 9. Bc2 0-0 10. d4 Bb7 11. Nbd2 Re8 12. d5 Nb8 13. a4 c6 14. dxc6 Nxc6 15. Qe2 b4 16. c4 Nd7 17. Nb3 Nc5 18. Bg5 Qc7 19. Be3 Nxb3 20. Bxb3 Nd4 21. Bxd4 exd4 22. Qd3 Re7 23. Re2 Rae8 24. Rae1 Qc5 25. Bc2 h6 26. b3 Kf8 27. Kf1 Re6 28. Bb1 g5 29. Nh2 h5 30. Qf3 Rh6 31. g3 Re5 32. Qd3 Bc8 33. Kg2 g4 34. h4 Re7 35. f4 gxf3+ 36. Nxf3 Bg4 37. Rf2 Rf6 38. Ref1 Ke8 39. Nh2 Rxf2+ 40. Rxf2 Bc8 41. Qf3 Qe5 42. Bd3 Bb7 43. Re2 Bh6 44. Nf1 Re6 45. Kh2 Rf6 46. Qg2 Bc8 47. Rf2 Be3 48. Rxf6 Qxf6 49. Be2 Qe5 50. Nxe3 dxe3 51. Qf3 Bg4 52. Qg2 Bxe2 53. Qxe2 Qxe4 54. Kg1 Qb1+ 55. Kg2 Qxb3 0-1

[Event "Athens Acropolis op"]
[Site "Athens"]
[Date "2004.11.21"]
[Round "6"]
[White "Tziallilas, Kostas"]
[Black "Markopoulos, Theodoros"]
[Result "0-1"]
[WhiteElo "2142"]
[BlackElo "2094"]
[PlyCount "60"]
[EventDate "2004.11.16"]
[EventType "swiss"]
[EventRounds "9"]
[EventCountry "GRE"]
[SourceTitle "CBM 103 Extra"]
[Source "ChessBase"]
[SourceDate "2005.01.01"]
[SourceVersion "1"]
[SourceVersionDate "2005.01.01"]
[SourceQuality "1"]

1. e4 e5 2. Nf3 Nf6 3. Nxe5 d6 4. Nf3 Nxe4 5. d4 d5 6. Bd3 Nc6 7. 0-0 Bg4 8. Re1 Be7 9. c3 f5 10. Bc2 0-0 11. Bf4 g5 12. Bc1 Qe8 13. Qd3 Qh5 14. Ne5 Rf6 15. Nd2 Rh6 16. Nf1 Qh4 17. Be3 Nxe5 18. dxe5 c6 19. f3 Nc5 20. Qe2 Bxf3 21. Qxf3 Ne4 22. Bf2 Nxf2 23. Qxf2 Qc4 24. Qxf5 Rf8 25. Qd3 Bc5+ 26. Kh1 Qh4 27. Qh3 Qf2 28. Bxh7+ Kh8 29. Qe3 Bxe3 30. Nxe3 Qh4 0-1

[Event "Athens Acropolis op"]
[Site "Athens"]
[Date "2003.08.31"]
[Round "7"]
[White "Tziallilas, Kostas"]
[Black "Simeonidis, Ioannis"]
[Result "0-1"]
[WhiteElo "2141"]
[BlackElo "2283"]
[PlyCount "78"]
[EventDate "2003.08.25"]
[EventType "swiss"]
[EventRounds "9"]
[EventCountry "GRE"]
[SourceTitle "EXT 2004"]
[Source "ChessBase"]
[SourceDate "2003.11.25"]
[SourceVersion "1"]
[SourceVersionDate "2003.11.25"]
[SourceQuality "1"]

1. e4 c6 2. d4 d5 3. Nd2 dxe4 4. Nxe4 Nd7 5. Ng5 Ngf6 6. Bd3 e6 7. N1f3 Bd6 8. Qe2 h6 9. Ne4 Nxe4 10. Qxe4 Qc7 11. Qg4 Kf8 12. 0-0 c5 13. b3 e5 14. dxc5 Nxc5 15. Bf5 h5 16. Qh3 e4 17. Nh4 Be5 18. Rb1 g6 19. Bxc8 Rxc8 20. Ba3 Kg7 21. Rbd1 Rhd8 22. Bxc5 Qxc5 23. c4 Bd4 24. Qg3 a5 25. a3 Kh7 26. Qf4 f5 27. b4 axb4 28. axb4 Qe5 29. Qxe5 Bxe5 30. Rxd8 Rxd8 31. g3 Rd2 32. Ng2 Bd4 33. Ne1 Kg7 34. Ng2 Kf6 35. Nf4 g5 36. Nd5+ Ke5 37. h4 gxh4 38. gxh4 b5 39. Ne3 f4 0-1

[Event "Athens Acropolis op"]
[Site "Athens"]
[Date "2003.08.30"]
[Round "6"]
[White "Kokolias, Konstantinos"]
[Black "Tziallilas, Kostas"]
[Result "1/2-1/2"]
[WhiteElo "2127"]
[BlackElo "2141"]
[PlyCount "78"]
[EventDate "2003.08.25"]
[EventType "swiss"]
[EventRounds "9"]
[EventCountry "GRE"]
[SourceTitle "EXT 2004"]
[Source "ChessBase"]
[SourceDate "2003.11.25"]
[SourceVersion "1"]
[SourceVersionDate "2003.11.25"]
[SourceQuality "1"]

1. e4 c5 2. Nc3 Nc6 3. g3 g6 4. Bg2 Bg7 5. d3 d6 6. f4 e6 7. Nf3 Nge7 8. 0-0 0-0 9. Be3 Bd7 10. Bf2 Nd4 11. e5 Nef5 12. Ne4 Nxf3+ 13. Qxf3 Bc6 14. c3 Rc8 15. d4 cxd4 16. cxd4 Bxe4 17. Qxe4 d5 18. Qd3 Qc7 19. g4 Ne7 20. Be1 Qc4 21. Qxc4 Rxc4 22. Bc3 f5 23. exf6 Bxf6 24. Rae1 Kf7 25. f5 exf5 26. gxf5 g5 27. Re5 Rd8 28. Re2 Bxd4+ 29. Bxd4 Rxd4 30. f6 Ng6 31. Rf5 Rd1+ 32. Kf2 Rd7 33. Rxg5 Kxf6 34. Rg3 Ne5 35. Bh3 Rc7 36. Rge3 Re7 37. Kg2 Rg7+ 38. Kf2 Ng4+ 39. Bxg4 Rxg4 1/2-1/2

[Event "Athens Acropolis op"]
[Site "Athens"]
[Date "2003.08.27"]
[Round "3"]
[White "Tziallilas, Kostas"]
[Black "Kostopoulos, Evaggelos"]
[Result "1-0"]
[WhiteElo "2141"]
[BlackElo "1983"]
[PlyCount "53"]
[EventDate "2003.08.25"]
[EventType "swiss"]
[EventRounds "9"]
[EventCountry "GRE"]
[SourceTitle "EXT 2004"]
[Source "ChessBase"]
[SourceDate "2003.11.25"]
[SourceVersion "1"]
[SourceVersionDate "2003.11.25"]
[SourceQuality "1"]

1. e4 d6 2. d4 Nf6 3. Nc3 c6 4. f4 Qa5 5. Bd3 e5 6. Nf3 Bg4 7. Be3 Nbd7 8. 0-0 Be7 9. h3 Bxf3 10. Qxf3 exd4 11. Bxd4 0-0 12. Kh1 Rae8 13. Rae1 Bd8 14. Ne2 Nc5 15. Ng3 Nxd3 16. Qxd3 Qxa2 17. Ra1 Qe6 18. f5 Qe7 19. Rxa7 Qd7 20. b4 Be7 21. Raa1 h5 22. Qf3 h4 23. Nh5 Qd8 24. Nxg7 Kxg7 25. Qg4+ Kh6 26. Qxh4+ Nh5 27. f6 1-0

[Event "Kallithea op"]
[Site "Kallithea"]
[Date "2002.08.30"]
[Round "3"]
[White "Tziallilas, Kostas"]
[Black "Petraki, Maria"]
[Result "0-1"]
[WhiteElo "1915"]
[BlackElo "2100"]
[PlyCount "74"]
[EventDate "2002.??.??"]
[EventType "swiss"]
[EventRounds "9"]
[EventCountry "GRE"]
[SourceTitle "EXT 2004"]
[Source "ChessBase"]
[SourceDate "2003.11.25"]
[SourceVersion "1"]
[SourceVersionDate "2003.11.25"]
[SourceQuality "1"]

1. e4 c5 2. Nf3 d6 3. d4 cxd4 4. Nxd4 Nf6 5. Nc3 Nc6 6. Bg5 Qa5 7. Bxf6 gxf6 8. Be2 Bd7 9. 0-0 Rg8 10. Nd5 Nxd4 11. Qxd4 Bg7 12. f4 Rc8 13. b4 Qa4 14. c3 f5 15. e5 e6 16. Ne3 Qc6 17. Rac1 dxe5 18. fxe5 Bh6 19. Bf3 Qb6 20. Qxb6 axb6 21. Rfe1 Bc6 22. Kf2 Bxf3 23. gxf3 Bf4 24. Rc2 Bxh2 25. Rh1 Bg3+ 26. Ke2 Bxe5 27. Rxh7 Rxc3 28. Rxc3 Bxc3 29. b5 Ke7 30. Kd3 Bf6 31. Nc4 Rd8+ 32. Kc2 Bd4 33. Kb3 Kf6 34. f4 Kg6 35. Rh1 f6 36. Re1 Kf7 37. a3 Bc5 0-1